Vista normal Vista MARC

Entrada Topical Term

Número de registros utilizados en: 2

001 - CONTROL NUMBER

  • control field: 8608

003 - CONTROL NUMBER IDENTIFIER

  • control field: OSt

005 - DATE AND TIME OF LATEST TRANSACTION

  • control field: 20230915225926.0

008 - FIXED-LENGTH DATA ELEMENTS

  • fixed length control field: 230915|| aca||aabn | a|a d

040 ## - CATALOGING SOURCE

  • Original cataloging agency: OSt
  • Transcribing agency: OSt

150 ## - HEADING--TOPICAL TERM

  • Topical term or geographic name entry element: Tasas de interes - problemas, ejercicios

670 ## - SOURCE DATA FOUND

  • Source citation: Work cat.: (OSt)20280: Gualteros Villarreal, Omar 8605, Matematicas Financieras Aplicada a los Negocios / , Ed. Graficos Colombia









Instituto Departamental de Cultura del Meta - Red Departamental de Bibliotecas Públicas del Meta.